| 000 | 00456nmm a2200169Ia 4500 | ||
|---|---|---|---|
| 008 | 251105s9999||||xx |||||||||||||||||und|| | ||
| 020 | _a9788433973429 | ||
| 041 | _aspa | ||
| 100 | _aAmat, Kiko | ||
| 245 | 0 | _aCosas que hacen BUM | |
| 264 |
_a[Madrid, España] : _bEditorial Anagrama, _c2010 |
||
| 300 | _a304 páginas | ||
| 490 | _aCompactos | ||
| 650 | _aSpanish narrative | ||
| 856 | _uhttps://public.digitaliapublishing.com/a/33018 | ||
| 942 | _cCF | ||
| 999 |
_c81917 _d81917 |
||